| 000 | 01152 a2200313 4500 | ||
|---|---|---|---|
| 001 | 200130946 | ||
| 999 |
_c200130946 _d30190 |
||
| 003 | TR-AnTOB | ||
| 005 | 20201015142526.0 | ||
| 008 | 131203r20022005xxu 001 0 | ||
| 020 | _a9780262134071 | ||
| 020 | _a9780262621946 | ||
| 040 |
_aDLC _dTR-AnTOB |
||
| 041 | 0 | _aeng | |
| 050 | 0 |
_aNA2540 _b.L43 2005 |
|
| 090 | _aNA2540 .L43 2005 | ||
| 100 | 1 |
_aLeatherbarrow, David _990587 |
|
| 245 | 1 | 0 |
_aSurface architecture / _cDavid Leatherbarrow and Mohsen Mostafavi. |
| 264 | 1 |
_aCambridge, Mass. : _bMIT Press, _c2005 |
|
| 300 |
_a264 pages : _billustration; _c24 cm. |
||
| 504 | _aIncludes bibliographical references and index. | ||
| 505 | _a1. Introduction: wyh surface architecture -- 2. Framing containment -- 3. Window/Wall -- 4. The appearance of covering -- 5. Adjusting standards -- 6. Premade-remade -- 7. Technique and appearance: the task of the present. | ||
| 650 | 0 |
_aArchitecture and technology _979497 |
|
| 650 | 7 |
_aMimari ve teknoloji _2etuturkob _979498 |
|
| 650 | 0 |
_aArchitecture _963315 |
|
| 650 | 7 |
_aMimari _2etuturkob _954448 |
|
| 700 | 1 |
_aMostafavi, Mohsen _994396 |
|
| 942 | _cBK | ||